| 000 -LEADER |
| fixed length control field |
00818nam a22002057a 4500 |
| 008 - FIXED-LENGTH DATA ELEMENTS--GENERAL INFORMATION |
| fixed length control field |
131113b xxu||||| |||| 00| 0 alb d |
| 020 ## - INTERNATIONAL STANDARD BOOK NUMBER |
| International Standard Book Number |
9789994398249 |
| 041 1# - LANGUAGE CODE |
| Language code of text/sound track or separate title |
alb |
| 080 ## - UNIVERSAL DECIMAL CLASSIFICATION NUMBER |
| Universal Decimal Classification number |
339.9 |
| Common auxiliary subdivision |
(036) |
| 100 1# - Rafti |
| Rafti |
Epping, Randy Charles |
| 245 10 - TITLE STATEMENT |
| Title |
Një guidë e Ekonomisë Botërore. : |
| Statement of responsibility, etc |
Randy Charles Epping ; e përktheu Mustafa Nano. |
| 260 ## - |
| -- |
Tiranë, : |
| -- |
Instituti i Dialogut dhe i Komunikimit ; |
| -- |
2007. |
| 300 ## - |
| -- |
286 f. : |
| -- |
ilustr. ; |
| -- |
21 cm. |
| 500 ## - |
| -- |
Titulli i origjinalit : A beginner's guide to the world economy |
| 650 #0 - |
| -- |
Ekonomia e zhvillimit |
| -- |
Guidat |
| 650 #0 - |
| -- |
Tregtia ndërkombëtare |
| 650 #0 - |
| -- |
Financa ndërkombëtare |
| 700 1# - |
| -- |
Nano, Mustafa |
| 942 ## - ADDED ENTRY ELEMENTS (KOHA) |
| Source of classification or shelving scheme |
|
| Item type |
Books |